=LDR 00000nam 2200000 4500 =001 INLIS000000000037280 =005 20201216023420 =035 ##$$a 0010-061300000037280 =008 201216################g##########0#ind## =041 ##$$a Ind =082 ##$$a 332.041 =090 ##$$a 332.0416, Ayo c =100 ##$$a Ayodya, Wulan =245 1#$$a Cara jitu : $b Hitung modal usaha /$c Wulan Ayodya =260 ##$$a Jakarta :$b Gramedia,$c 2010 =300 ##$$a 158 hlm. : $b ilus ; $c 21 x 14 cm =650 #4$$a Modal Kerja =850 ##$$a NBPNMAT =020 ##$$a 978-979-277-846-5 =084 ##$$a 332.041 AYO c =250 ##$$a cet. 1 =990 ##$$a 21400613/BPAP-NTB/20142014 =990 ##$$a 21103833